| 000 | 00796nam a2200241Ii 4500 | ||
|---|---|---|---|
| 003 | JO-AjNU | ||
| 008 | 230605s9999||||xx |||||||||||||| ||und|| | ||
| 017 | _a1986/3979 | ||
| 020 | _a977-02-1714-X | ||
| 040 |
_aJO-AjNU _bara _erda _cJO-AjNU |
||
| 041 | _aara | ||
| 050 | 1 | 4 | _aPJ7862 .H68 Z586 1986 |
| 100 | 3 |
_aتاليف ضيف، شوقي 1910 - 2005 , _eauthor _946062 |
|
| 245 | 0 | 0 | _aشوقي: شاعر العصر الحديث |
| 250 | _aط11 | ||
| 264 | 3 | 1 | _aالقاهرة: دار المعارف، 1986 |
| 300 | _a285ص | ||
| 336 |
_atext _btxt _2rdacontent |
||
| 337 |
_aunmediated _bn _2rdamedia |
||
| 338 |
_avolume _bnc _2rdacarrier |
||
| 490 | 0 | _aمكتبة الدراسات الادبية؛ 3 | |
| 650 | 4 |
_aالشعر العربي - القرن العشرين - مصر _946063 |
|
| 999 |
_aA20012 _c23580 _d23580 |
||